000 01787cam a22003737a 4500
005 20260322212051.0
008 data
010 _a 2007933996
020 _a9780300119497 (cloth)
020 _a0300119496 (cloth)
020 _a9780865592247 (pbk.)
020 _a0865592241 (pbk.)
040 _aILO
_cILO
_dDLC
_dBAKER
_dBWX
_dIXA
_dYDXCP
_dBTCTA
_dIAY
_dCDX
_dDLC
042 _alccopycat
050 0 0 _aN6537.J6
_bA4 2007
092 _a759.13 J6 A4 2007
100 1 _aRondeau, James.
245 1 0 _aJasper Johns :
_bgray /
_cJames Rondeau ... [et al.].
246 3 0 _aGray
250 _a1st ed.
260 _aNew Haven :
_bYale University Press [distributor],
_aNew Haven :
_bYale University Press [distributor],
_cc2007.
300 _a320 p. :
_bill. (some col.) ;
_c32 cm.
500 _aPublished in conjunction with an exhibition held at the Art Institute of Chicago, Nov. 3, 2007-Jan. 6, 2008 ; and at the Metropolitan Museum of Art, New York, Feb. 5- May 4, 2008.
504 _aIncludes bibliographical references (p. 314-317) and index.
505 0 0 _aJasper Johns : gray / James Rondeau --- Jasper Johns : gray matters / Douglas Druick -- Conditional states : the appearance of gray in Jasper Johns's graphic work / Mark Pascale --Metanoid Johns, John metanoid / Richard Shiff -- Mapping the mind / Barbara Rose -- A conversation with Jasper Johns / Nan Rosenthal -- A shiftling focus : process and detail in Tennyson and Near the lagoon / Kelly Keegan & Kristin Lister.
600 1 0 _aJohns, Jasper,
_d1930-
_vExhibitions.
700 1 _aJohns, Jasper,
_d1930-
700 1 _aDruick, Douglas W.
700 1 _aPascale, Mark,
_d1954-
700 1 _aRosenthal, Nan.
710 2 _aArt Institute of Chicago.
710 2 _aMetropolitan Museum of Art (New York, N.Y.)
001 data
999 _c1198
_d1198